LEADER 01423nas a2200229 i 4500 001 000000173057 003 CaOOAMICUS 005 20090504000000.0 008 080703b2008 it uu u0 0mul r 013 $a150508 040 $aSeMil$bita 245 10$a[2008 :$bn. 10-12]. 260 $aRome :$bInstitut International Jacques Maritain,$c2008 (stampa 2008-2009) 300 $a101, 90, 94 p. ;$c24 cm. 774 0 $tIntercultural Dialogue and Human rights ; La controverse du "Paysan de la Garonne" ; Karol Wojtyla e il rinnovamento conciliare ; Jacques Maritain, le philosophe amoureux. - 101 p. - Titoli dalla copertina.$w()269209 774 0 $tPie 12. et Maritain ; L'éducation chrétienne et la dimension éthique de la personne humaine ; La responsabilidad de proteger ; La bellezza tra nichilismo e umanesimo. - 90 p. - In preliminari.$w()270013 774 0 $tRenaissante Asie et nous ; "Nova et Vetera", une revue témoin dans l'entre-deux-guerres ; Filosofia cristiana nel mondo slavo ; René Cassin and the Universal Declaration of Human Rights. - 94 p. - Titoli dalla copertina.$w()270668 850 $aSeMil 852 $aSeMil$W1$xVenegono$y1$m206 5 34$j123908$B123908$CSeMilBibl$Z2$F141453 $85 961 $aOmaggio: Direttore pubblicazione 996 $6245$a[2008 :$bn. 10-12]$9(OLS)http://semarc/title/247874 996 $6260$aRome :$bInstitut International Jacques Maritain$9(OLS)http://semarc/publisher/46876 LEADER 02526nam a2200361 i 4500 001 000000032390 003 CaOOAMICUS 005 20220204123139.0 008 180830s1703 it u000 u ita u 040 $aSeMil$bita 100 0 $aGranada, Luis : de ,$c.$0(OLS)http://semarc/name/6103 245 10$aOpere spirituali del molto rev. p.f. Luigi Granata dell'ordine di S. Domenico, dottore in sacra teologia. 246 0 $iTit. dell'occhietto$aOpere spirituali del molto rev. p. f. Luigi Granata divise in tre tomi 250 $aIn questa nuova impressione alla sua più perfetta lezione ridotte, e da molti errori spurgate. Aggiuntovi quattro tavole necessarie ... 260 $aIn Venetia :$bPresso Paolo Baglioni,$c1703. 300 $a3 v. ;$c4°. 500 $aIniz., finalini xilogr. - Testo su due colonne 500 $aConsistenza: 2 esemplari dell'intera opera ; dei vol. 1 e 3 [3 copie] 650 4$aLuis : de Granada - Opere.$0(OLS)http://semarc/subject/5195 700 1 $aBaglioni, Paolo,$c.$0(OLS)http://semarc/name/2943 774 0 $tTomo 1.$g1$w()36356 774 0 $tTomo 1.$g1$w()191148 774 0 $tTomo 2.$g2$w()227199 774 0 $tIntroduzione al simbolo della fede, Parti Quattro, del molto Rev. P. F. Luigi Granata dell'Ordine di S. Domenico, dottore in Sacra Teologia tradotta di lingua castigliana in Toscana dal signor Filippo Pigafetta.$g3$w()227200 774 0 $tTomo 2.$g2$w()244457 774 0 $tIntroduzione al simbolo della fede, Parti Quattro, del molto Rev. P. F. Luigi Granata dell'Ordine di S. Domenico, dottore in Sacra Teologia tradotta di lingua castigliana in Toscana dal signor Filippo Pigafetta.$bIn questa nuova impressione aggiuntovi un copioso indice delle materie più notabili, fatto da un divoto servo di Dio.$g3$w()244458 774 0 $tTomo 2.$g2$w()244463 774 0 $tTomo 1.$g1$w()244918 774 0 $tIntroduzione al simbolo della fede, Parti Quattro, del molto Rev. P. F. Luigi Granata dell'Ordine di S. Domenico, dottore in Sacra Teologia tradotta di lingua castigliana in Toscana dal signor Filippo Pigafetta.$g3$w()244924 996 $6245$aOpere spirituali del molto rev. p.f. Luigi Granata dell'ordine di S. Domenico, dottore in sacra teologia$9(OLS)http://semarc/title/43924 996 $6246$aOpere spirituali del molto rev. p. f. Luigi Granata divise in tre tomi$9(OLS)http://semarc/title/43925 996 $6260$aIn Venetia :$bPresso Paolo Baglioni$9(OLS)http://semarc/publisher/39145